| 000 | 01623nam a22002417a 4500 | ||
|---|---|---|---|
| 999 |
_c6374 _d6374 |
||
| 003 | DO-SdBJH | ||
| 005 | 20210803150416.0 | ||
| 008 | 210727b ||||| |||| 00| 0 spa d | ||
| 040 |
_aDO-SdBJH _bspa _cDO-SdBJH |
||
| 090 |
_aTG ANGM _b01616 2019 |
||
| 100 | 1 |
_aLópez Ventura, Gabriela _esustentante |
|
| 245 | 1 | 0 |
_aLogros alanzados y resultados operacionales de la Dirección de Inteligencia Naval (M-2), en la lucha contra la migración ilegal y otros delitos conexos en la República Dominicana (agosto 2018-octubre 2019) / _cGabriela López Ventura, Juan Rafael Rodríguez Nolasco, asesores Feliz Ledesma, Juan Acosta Lucas |
| 260 |
_aSanto Domingo Este : _bINSUDE, _c2019 |
||
| 300 | _av, 71 páginas | ||
| 502 | _aTrabajo de grado (Licenciado en Ciencias Navales). -- Instituto Superior para la Defensa (INSUDE). Academia Naval Marina de Guerra “Vicealmirante Cesar D’Windt Lavandier”, 2019 | ||
| 504 | _aIncluye referencias bibliográficas e índices | ||
| 505 | _aGeneralidades de la inteligencia. -- Origen, evolución y organización de la Dirección de Inteligencia Naval (M-2), ARD. -- Logros alcanzados y resultados operacionales de la Dirección de Inteligencia Naval (M-2), ARD, en la lucha contra la migración ilegal y otros delitos conexos en la República Dominicana (agosto 2018-octubre 2019) | ||
| 700 | 1 |
_a Rodríguez Nolasco, Juan Rafael _esustentante |
|
| 700 | 1 |
_aFeliz Ledesma _easesor |
|
| 700 | 1 |
_a Acosta Lucas, Juan _easesor |
|
| 830 | _aINSUDE. Academia Naval Marina de Guerra “Vicealmirante Cesar D’Windt Lavandier”. Tesis y disertaciones académicas | ||
| 942 |
_2CL _cT |
||